Plan Nacional Indicativo de Desarrollo 1975-1980: versión preliminar
Gardado en:
| Corporate Authors: | , |
|---|---|
| Formato: | Libro |
| Idioma: | Lingua castelá |
| Publicado: |
Santiago
ODEPLAN
1974
|
| Subjects: | |
| Tags: |
Engadir etiqueta
Sen Etiquetas, Sexa o primeiro en etiquetar este rexistro!
|
MARC
| LEADER | 00000nam a2200000 a 4500 | ||
|---|---|---|---|
| 001 | UCR7825 | ||
| 003 | CL-VaPUC | ||
| 008 | 980519e19741100CL |||||||||||||||||spa|d | ||
| 082 | 0 | 4 | |a 338.9 |b ODE |2 21 |
| 110 | 2 | |a ODEPLAN |e author |9 409276 | |
| 710 | 2 | |a Oficina de Planificación Nacional |e author |9 409277 | |
| 245 | 1 | 0 | |a Plan Nacional Indicativo de Desarrollo 1975-1980: versión preliminar |
| 300 | |a 260 p | ||
| 942 | |c BK | ||
| 945 | |d 19980519 00:00:00 |a crobeson | ||
| 260 | |a Santiago |b ODEPLAN |c 1974 | ||
| 650 | 0 | |a Desarrollo económico y social |9 256320 | |
| 650 | 0 | |a Política económica |9 255029 | |
| 650 | 0 | |a Recursos naturales |9 255232 | |
| 650 | 0 | |a Política gubernamental |9 262286 | |
| 650 | 7 | |a POLITICA DE DESARROLLO |2 CL-VaPUC |9 335853 | |
| 650 | 7 | |a PLANES NACIONALES |2 CL-VaPUC |9 409278 | |
| 650 | 7 | |a ECONOMIA 1978 - 1983 |2 CL-VaPUC |9 358650 | |
| 650 | 7 | |a PARTICIPACION ESTATAL |2 CL-VaPUC |9 409279 | |
| 651 | 7 | |a CHILE |2 CL-VaPUC |9 409280 | |
| 583 | |a last modification |c 19980519 00:00:00 |k Rodrigo Vera | ||
| 999 | |c 269404 |d 269402 | ||
| 952 | |0 0 |1 0 |4 0 |6 338_900000000000000_ODE_1974 |7 0 |8 A |9 303142 |a BIBENE |b BIBENE |d 2019-11-20 |i 1997149 |o 338.9 ODE 1974 |p 1997149 |r 2025-01-15 |w 2019-11-20 |y BK |k ICO | ||